Housing and Planning Bill 2015-16 (Record no. 115594)

MARC details
000 -LEADER
fixed length control field 02198cad a22002295a 4500
001 - CONTROL NUMBER
control field L158935
008 - FIXED-LENGTH DATA ELEMENTS--GENERAL INFORMATION
fixed length control field 151016s2015 xxk f 000 0 eng d
035 ## - SYSTEM CONTROL NUMBER
System control number (Sirsi) u158935
041 0# - LANGUAGE CODE
Language code of text/sound track or separate title eng
110 2# - MAIN ENTRY--CORPORATE NAME
Corporate name or jurisdiction name as entry element United Kingdom
Form subheading Laws, etc.
9 (RLIN) 5044
245 00 - TITLE STATEMENT
Title Housing and Planning Bill 2015-16
Medium [electronic resource]
260 ## - PUBLICATION, DISTRIBUTION, ETC.
Place of publication, distribution, etc. London
Name of publisher, distributor, etc. TSO
Date of publication, distribution, etc. 2015
520 ## - SUMMARY, ETC.
Summary, etc. Divided into eight parts aimed at reforming the planning system to improve the delivery of new homes and ensure better and fairer regulation. Part 1 deals with the provision of new homes in England by providing a statutory framework for the delivery of starter homes and requiring local authorities to grant planning permission for suitable sites for custom-built and starter homes. Part 2 provides greater powers to local authorities to tackle rogue landlords, Part 3 allows local authorities to recover abandoned private sector empty properties, Part 4 introduces a number of social housing measures including extending Right to Buy discount levels to housing association tenants, requiring local authorities to sell off high end vacant properties to fund affordable housing, charging tenants with incomes of over £40, 000 in London and £30, 000 outside London to pay market or near market rents and Part 5 introduces a fit and property person test for landlords letting out licensed properties such as Houses in Multiple Occupation (HMOs) and sharing Tenant Deposit Scheme data with local authorities. Part 6 looks at a raft of planning reforms including simplifying the neighbourhood planning process and requiring local authorities to maintain registers of land which could be made available for house building and Part 7 covers simplifying the compulsory purchase and compensation process. Part 8 covers a range of general measures.
590 ## - LOCAL NOTE (RLIN)
Local note KA
650 24 - SUBJECT ADDED ENTRY--TOPICAL TERM
Topical term or geographic name entry element HOUSING AND PLANNING BILL 2015-16
651 #4 - SUBJECT ADDED ENTRY--GEOGRAPHIC NAME
Geographic name United Kingdom
690 ## - LOCAL SUBJECT ADDED ENTRY--TOPICAL TERM (OCLC, RLIN)
Topical term or geographic name as entry element Planning and development
9 (RLIN) 6259
690 ## - LOCAL SUBJECT ADDED ENTRY--TOPICAL TERM (OCLC, RLIN)
Topical term or geographic name as entry element Landlord and tenant
9 (RLIN) 6252
690 ## - LOCAL SUBJECT ADDED ENTRY--TOPICAL TERM (OCLC, RLIN)
Topical term or geographic name as entry element Residential property
9 (RLIN) 6266
856 40 - ELECTRONIC LOCATION AND ACCESS
Uniform Resource Identifier <a href="https://services.parliament.uk/bills/2015-16/housingandplanning.html">https://services.parliament.uk/bills/2015-16/housingandplanning.html</a>
Public note View the item free of charge at www.publications.parliament.uk
942 ## - ADDED ENTRY ELEMENTS (KOHA)
Suppress in OPAC 0
Holdings
Withdrawn status Lost status Source of classification or shelving scheme Damaged status Not for loan Home library Current library Shelving location Date acquired Total Checkouts Full call number Barcode Date last seen Copy number Price effective from Koha item type
    Dewey Decimal Classification     Virtual Virtual Online 16/10/2015   ONLINE PUBLICATION 158935-2001 06/08/2019 1 06/08/2019 Book